Concepts of calculus with applications / (Record no. 3466)

000 -LEADER
fixed length control field 01004cam a2200313 a 4500
001 - CONTROL NUMBER
control field 14590264
003 - CONTROL NUMBER IDENTIFIER
control field OSt
005 - DATE AND TIME OF LATEST TRANSACTION
control field 20161010154645.0
008 - FIXED-LENGTH DATA ELEMENTS--GENERAL INFORMATION
fixed length control field 061011s2008 maua 001 0 eng
010 ## - LIBRARY OF CONGRESS CONTROL NUMBER
LC control number 2006051567
020 ## - INTERNATIONAL STANDARD BOOK NUMBER
International Standard Book Number 0321320786
020 ## - INTERNATIONAL STANDARD BOOK NUMBER
International Standard Book Number 9780321320780
035 ## - SYSTEM CONTROL NUMBER
System control number (OCoLC)ocm73744066
035 ## - SYSTEM CONTROL NUMBER
System control number (OCoLC)73744066
040 ## - CATALOGING SOURCE
Original cataloging agency DLC
Transcribing agency DLC
Modifying agency YDX
-- BAKER
-- BTCTA
-- DLC
050 00 - LIBRARY OF CONGRESS CALL NUMBER
Classification number QA314.G67 2008
082 00 - DEWEY DECIMAL CLASSIFICATION NUMBER
Classification number 515
Edition number 22
100 1# - MAIN ENTRY--PERSONAL NAME
Personal name Goshaw, Martha T.
245 10 - TITLE STATEMENT
Title Concepts of calculus with applications /
Statement of responsibility, etc Martha Goshaw.
250 ## - EDITION STATEMENT
Edition statement 1st ed.
260 ## - PUBLICATION, DISTRIBUTION, ETC. (IMPRINT)
Place of publication, distribution, etc Boston :
Name of publisher, distributor, etc Pearson/Addison Wesley,
Date of publication, distribution, etc c2008.
300 ## - PHYSICAL DESCRIPTION
Extent xiii, 632, [40] p. :
Other physical details col. ill. ;
Dimensions 27 cm.
500 ## - GENERAL NOTE
General note Includes index.
650 #0 - SUBJECT ADDED ENTRY--TOPICAL TERM
Topical term or geographic name as entry element Fractional calculus.
650 #0 - SUBJECT ADDED ENTRY--TOPICAL TERM
Topical term or geographic name as entry element Calculus.
906 ## - LOCAL DATA ELEMENT F, LDF (RLIN)
a 7
b cbc
c orignew
d 1
e ocip
f 20
g y-gencatlg
942 ## - ADDED ENTRY ELEMENTS (KOHA)
Source of classification or shelving scheme
Koha item type Book
Holdings
Withdrawn status Lost status Source of classification or shelving scheme Damaged status Not for loan Home library Current library Shelving location Date acquired Total Checkouts Full call number Barcode Date last seen Date checked out Copy number Price effective from Koha item type
          Riara University Library Riara University Library General stack 10/10/2016 4 QA314.G67 2008 8607/16 17/11/2023 27/10/2023 C.1 10/10/2016 Book

Riara University Library,
P.O. Box 49940-00100,
Nairobi, Kenya.